00547 2200205 4500001002100000005001500021035002000036245005400056100002000110250000600130300002100136856002600157260003400183082001200217084001900229020001800248600002400266008004100290990001000331INLIS00000000000226620230606015248 a0010-09210000121 aKumpulan terlengkap lagu wajib /cYulianto Harris0 aHarris Yulianto a1 a186hal ;c23,5cm akesenian dan olahraga aJakarta :bPuspa swara,c2016 a782.265 a782.265 HAR k a9786022160243 4akumpulan lagu wajib230606 0  a11913